| 000 | 00539nam a2200181Ia 4500 | ||
|---|---|---|---|
| 003 | GCL | ||
| 008 | 140319s9999 xx 000 0 eng d | ||
| 040 |
_aGCL / _cGCL |
||
| 082 | 0 | 4 |
_a150.724 _bM E |
| 100 | 1 | _aMC CLINTOCK, CHARLES GRAHAIM | |
| 245 | 1 | 0 |
_aEXPERIMENTAL SOCIAL PSYCHOLOGY / _cMC CLINTOCK, CHARLES GRAHAIM |
| 260 |
_a[S.N] : _bHOLT, RINEHART AND WINSTON, INC ، _c1972 |
||
| 300 | _a584 P | ||
| 650 | 0 | 4 | _aالحضارة الفرعونية |
| 650 | 0 | 4 | _aEXPERIMENTAL |
| 650 | 0 | 4 | _aEXPERIMENTAL PSYCHOLOGY |
| 942 |
_2ddc _cBK |
||
| 999 |
_c14858 _d14858 |
||